[Event "EYCC 2024 - G14"]
[Site "?"]
[Date "2024.08.28"]
[Round "6.9"]
[White "Aghaverdiyeva, Maryam"]
[Black "Toumpakari, Maria"]
[Result "1-0"]
[BlackElo "1774"]
[WhiteElo "1972"]
[LiveChessVersion "1.4.8"]

1. e4 {[%clk 1:30:56]} e6 {[%clk 1:30:56]} 2. d4 {[%clk 1:31:17]} d5
{[%clk 1:31:22]} 3. Nd2 {[%clk 1:31:27]} c5 {[%clk 1:31:47]} 4. Ngf3
{[%clk 1:31:49]} cxd4 {[%clk 1:32:08]} 5. exd5 {[%clk 1:32:13]} Qxd5
{[%clk 1:32:32]} 6. Bc4 {[%clk 1:32:36]} Qd7 {[%clk 1:32:58]} 7. O-O
{[%clk 1:32:29]} Nc6 {[%clk 1:33:23]} 8. Nb3 {[%clk 1:32:52]} a6 {[%clk 1:33:49]}
9. Nbxd4 {[%clk 1:33:02]} Nxd4 {[%clk 1:34:12]} 10. Nxd4 {[%clk 1:33:26]} Qc7
{[%clk 1:34:37]} 11. Qe2 {[%clk 1:33:51]} Bd6 {[%clk 1:34:38]} 12. h3
{[%clk 1:29:04]} Ne7 {[%clk 1:33:16]} 13. c3 {[%clk 1:27:23]} O-O
{[%clk 1:32:56]} 14. a4 {[%clk 1:25:13]} Bd7 {[%clk 1:22:30]} 15. Re1
{[%clk 1:21:57]} Rac8 {[%clk 1:19:45]} 16. Bd3 {[%clk 1:22:02]} Ng6
{[%clk 1:14:51]} 17. Bc2 {[%clk 1:18:22]} Rfe8 {[%clk 1:04:18]} 18. Be3
{[%clk 1:10:44]} f5 {[%clk 0:51:09]} 19. Nf3 {[%clk 1:01:11]} h6 {[%clk 0:35:35]}
20. Rad1 {[%clk 0:54:17]} Rcd8 {[%clk 0:33:27]} 21. Bb3 {[%clk 0:46:54]} Ne5
{[%clk 0:26:13]} 22. Nh4 {[%clk 0:31:43]} Nf7 {[%clk 0:24:45]} 23. Qh5
{[%clk 0:27:56]} Bc8 {[%clk 0:15:36]} 24. Rd4 {[%clk 0:17:04]} Qe7
{[%clk 0:11:40]} 25. Bf4 {[%clk 0:08:57]} Bxf4 {[%clk 0:09:16]} 26. Rxf4
{[%clk 0:09:23]} Qg5 {[%clk 0:08:23]} 27. Rxf5 {[%clk 0:07:40]} Qxh5
{[%clk 0:06:36]} 28. Rxh5 {[%clk 0:08:06]} g5 {[%clk 0:06:59]} 29. Nf3
{[%clk 0:07:07]} Kg7 {[%clk 0:07:00]} 30. h4 {[%clk 0:05:13]} g4 {[%clk 0:05:22]}
31. Ne5 {[%clk 0:05:13]} Nxe5 {[%clk 0:05:37]} 32. Rhxe5 {[%clk 0:05:35]} Rd2
{[%clk 0:04:53]} 33. R1e2 {[%clk 0:03:12]} Rd6 {[%clk 0:04:04]} 34. Kh2
{[%clk 0:02:43]} Rd3 {[%clk 0:02:36]} 35. Bc4 {[%clk 0:02:11]} g3+
{[%clk 0:02:08]} 36. fxg3 {[%clk 0:02:37]} Rd6 {[%clk 0:02:33]} 37. g4
{[%clk 0:02:54]} Rc6 {[%clk 0:02:24]} 38. Bd5 {[%clk 0:01:47]} Rc5
{[%clk 0:02:40]} 39. Bf3 {[%clk 0:00:35]} Rc4 {[%clk 0:02:15]} 40. a5
{[%clk 0:00:46]} Rd8 {[%clk 0:01:46]} 41. Kg3 {[%clk 0:00:54]} Rd3
{[%clk 0:01:44]} 42. g5 {[%clk 0:00:44]} hxg5 {[%clk 0:01:11]} 43. Rxg5+
{[%clk 0:01:10]} Kf7 {[%clk 0:01:33]} 44. h5 {[%clk 0:01:15]} Bd7
{[%clk 0:01:28]} 45. h6 {[%clk 0:00:56]} Bc6 {[%clk 0:01:05]} 46. h7
{[%clk 0:00:46]} Rd8 {[%clk 0:01:28]} 47. Bh5+ {[%clk 0:01:07]} 1-0

[Event "EYCC 2024 - G14"]
[Site "?"]
[Date "2024.08.28"]
[Round "6.10"]
[White "Sida, Flavia-Maria"]
[Black "Jimenez Carrazoni, Marta Elena"]
[Result "0-1"]
[BlackElo "1946"]
[WhiteElo "1746"]
[LiveChessVersion "1.4.8"]

1. c4 {[%clk 1:30:58]} c6 {[%clk 1:30:30]} 2. Nc3 {[%clk 1:27:57]} d5
{[%clk 1:30:28]} 3. d4 {[%clk 1:20:21]} Nf6 {[%clk 1:30:50]} 4. Nf3
{[%clk 1:18:23]} dxc4 {[%clk 1:31:11]} 5. a4 {[%clk 1:17:48]} Bf5
{[%clk 1:31:22]} 6. e3 {[%clk 1:17:48]} e6 {[%clk 1:31:45]} 7. Bxc4
{[%clk 1:17:45]} Bb4 {[%clk 1:31:43]} 8. O-O {[%clk 1:16:26]} O-O
{[%clk 1:31:43]} 9. Qb3 {[%clk 1:14:14]} Qe7 {[%clk 1:30:27]} 10. Bd2
{[%clk 1:09:44]} a5 {[%clk 1:30:14]} 11. Rfe1 {[%clk 1:09:32]} Bg6
{[%clk 1:23:20]} 12. Ne5 {[%clk 1:07:59]} Nbd7 {[%clk 1:22:48]} 13. Nxg6
{[%clk 1:08:06]} hxg6 {[%clk 1:23:06]} 14. Rad1 {[%clk 0:58:58]} Kh7
{[%clk 1:16:56]} 15. e4 {[%clk 0:58:27]} e5 {[%clk 1:14:45]} 16. Bg5
{[%clk 0:54:01]} exd4 {[%clk 1:07:26]} 17. Rxd4 {[%clk 0:54:21]} Bc5
{[%clk 0:53:34]} 18. Rd2 {[%clk 0:44:28]} Qe5 {[%clk 0:47:46]} 19. Bxf6
{[%clk 0:31:39]} Nxf6 {[%clk 0:46:26]} 20. h3 {[%clk 0:29:17]} g5
{[%clk 0:31:56]} 21. Rd3 {[%clk 0:16:46]} Rad8 {[%clk 0:22:13]} 22. Qd1
{[%clk 0:14:22]} Rd4 {[%clk 0:15:59]} 23. Rxd4 {[%clk 0:11:58]} Bxd4
{[%clk 0:16:07]} 24. Qf3 {[%clk 0:11:36]} g6 {[%clk 0:12:59]} 25. Rd1
{[%clk 0:07:46]} Kg7 {[%clk 0:08:30]} 26. Re1 {[%clk 0:03:42]} Rh8
{[%clk 0:08:45]} 27. Kf1 {[%clk 0:02:52]} g4 {[%clk 0:06:31]} 28. hxg4
{[%clk 0:03:06]} Rh1+ {[%clk 0:05:36]} 29. Ke2 {[%clk 0:03:33]} Rxe1+
{[%clk 0:05:58]} 30. Kxe1 {[%clk 0:03:58]} Bxc3+ {[%clk 0:06:12]} 31. bxc3
{[%clk 0:03:45]} Qxe4+ {[%clk 0:05:56]} 32. Qe2 {[%clk 0:01:11]} Qxg2
{[%clk 0:05:10]} 33. f3 {[%clk 0:01:38]} Qxe2+ {[%clk 0:02:14]} 34. Kxe2
{[%clk 0:01:52]} Nd7 {[%clk 0:02:20]} 35. Bb3 {[%clk 0:01:40]} Kf6
{[%clk 0:01:28]} 36. Ke3 {[%clk 0:02:02]} Nc5 {[%clk 0:01:29]} 37. Bd1
{[%clk 0:01:19]} Ke5 {[%clk 0:01:39]} 38. c4 {[%clk 0:01:34]} Ne6
{[%clk 0:01:40]} 39. Bc2 {[%clk 0:01:18]} g5 {[%clk 0:01:50]} 40. Be4
{[%clk 0:00:58]} Nf4 {[%clk 0:01:40]} 41. Bf5 {[%clk 0:00:53]} Ng2+
{[%clk 0:01:35]} 42. Kf2 {[%clk 0:00:57]} Nh4 {[%clk 0:01:01]} 43. Bc8
{[%clk 0:01:14]} b6 {[%clk 0:01:04]} 44. Bd7 {[%clk 0:00:52]} Kd6
{[%clk 0:00:51]} 45. Be8 {[%clk 0:01:18]} f6 {[%clk 0:01:02]} 46. Ke3
{[%clk 0:01:12]} Kc5 {[%clk 0:01:06]} 47. Ke4 {[%clk 0:01:20]} Kd6
{[%clk 0:01:04]} 48. Ke3 {[%clk 0:01:04]} f5 {[%clk 0:00:48]} 49. gxf5
{[%clk 0:00:37]} Nxf5+ {[%clk 0:01:10]} 50. Ke4 {[%clk 0:01:03]} Ng7
{[%clk 0:01:02]} 51. Bf7 {[%clk 0:01:08]} Ke7 {[%clk 0:01:18]} 52. Bg6
{[%clk 0:00:58]} Kf6 53. Bh7 {[%clk 0:01:25]} Ne6 {[%clk 0:01:53]} 54. Ke3
{[%clk 0:00:41]} Ke5 {[%clk 0:01:54]} 55. Bc2 {[%clk 0:00:50]} Nd4
{[%clk 0:01:54]} 56. Be4 {[%clk 0:00:52]} Nf5+ {[%clk 0:01:26]} 57. Kd3
{[%clk 0:00:42]} Ne7 {[%clk 0:01:11]} 58. Ke3 {[%clk 0:01:00]} c5
{[%clk 0:00:54]} 59. Kd3 {[%clk 0:00:44]} Kf4 {[%clk 0:01:07]} 60. Bb7
{[%clk 0:00:38]} Nf5 {[%clk 0:01:18]} 61. Ke2 {[%clk 0:00:39]} Nd4+
{[%clk 0:01:16]} 62. Kf2 {[%clk 0:01:00]} Nf5 {[%clk 0:01:26]} 63. Ke2
{[%clk 0:00:56]} Nh4 {[%clk 0:01:34]} 64. Bc6 {[%clk 0:00:49]} Ng2
{[%clk 0:01:45]} 65. Bd5 {[%clk 0:00:49]} Ne3 {[%clk 0:02:03]} 66. Be6
{[%clk 0:01:00]} Nc2 {[%clk 0:02:09]} 67. Bd5 {[%clk 0:01:13]} Ke5
{[%clk 0:01:55]} 68. Bf7 {[%clk 0:00:46]} Kd4 {[%clk 0:01:56]} 69. Kf2
{[%clk 0:00:39]} Ne3 {[%clk 0:02:05]} 70. Kg3 {[%clk 0:01:00]} Nxc4
{[%clk 0:02:08]} 71. Bxc4 {[%clk 0:01:11]} Kxc4 {[%clk 0:02:36]} 72. Kg4
{[%clk 0:01:36]} Kb4 {[%clk 0:02:51]} 73. Kxg5 {[%clk 0:02:00]} c4
{[%clk 0:03:01]} 0-1

[Event "EYCC 2024 - G14"]
[Site "?"]
[Date "2024.08.28"]
[Round "6.11"]
[White "Ashotia, Barbare"]
[Black "Bashirli, Saadat"]
[Result "0-1"]
[BlackElo "1894"]
[WhiteElo "1724"]
[LiveChessVersion "1.4.8"]

1. e4 {[%clk 1:30:56]} c5 {[%clk 1:30:53]} 2. Nf3 {[%clk 1:31:21]} Nc6
{[%clk 1:31:14]} 3. d4 {[%clk 1:31:41]} cxd4 {[%clk 1:31:36]} 4. Nxd4
{[%clk 1:32:04]} g6 {[%clk 1:31:55]} 5. c4 {[%clk 1:32:21]} Nf6 {[%clk 1:32:18]}
6. Nc3 {[%clk 1:32:44]} Nxd4 {[%clk 1:32:37]} 7. Qxd4 {[%clk 1:33:07]} d6
{[%clk 1:32:54]} 8. Be2 {[%clk 1:33:30]} Bg7 {[%clk 1:33:15]} 9. Be3
{[%clk 1:33:50]} O-O {[%clk 1:33:24]} 10. Qd3 {[%clk 1:34:05]} Be6
{[%clk 1:33:11]} 11. O-O {[%clk 1:33:55]} Nd7 {[%clk 1:30:46]} 12. Bd4
{[%clk 1:24:05]} Qa5 {[%clk 1:24:31]} 13. b3 {[%clk 1:22:04]} a6 {[%clk 1:22:51]}
14. Rab1 {[%clk 1:16:44]} Qb4 {[%clk 1:16:25]} 15. Bxg7 {[%clk 1:08:44]} Kxg7
{[%clk 1:16:42]} 16. Rfe1 {[%clk 1:06:51]} Rfc8 {[%clk 1:13:38]} 17. a4
{[%clk 1:03:52]} Kg8 {[%clk 1:08:53]} 18. Bf1 {[%clk 0:59:19]} Rab8
{[%clk 1:00:11]} 19. Kh1 {[%clk 0:44:24]} Ne5 {[%clk 0:52:00]} 20. Qg3
{[%clk 0:43:47]} Ng4 {[%clk 0:36:59]} 21. Nd5 {[%clk 0:40:35]} Qc5
{[%clk 0:32:35]} 22. Rb2 {[%clk 0:39:56]} Re8 {[%clk 0:30:33]} 23. h3
{[%clk 0:37:15]} Bxd5 {[%clk 0:29:59]} 24. exd5 {[%clk 0:37:19]} Nh6
{[%clk 0:28:27]} 25. Bd3 {[%clk 0:31:46]} Kg7 {[%clk 0:28:08]} 26. Qh4
{[%clk 0:29:28]} Ng8 {[%clk 0:19:15]} 27. b4 {[%clk 0:26:58]} Qa7
{[%clk 0:19:36]} 28. Rc2 {[%clk 0:22:02]} a5 {[%clk 0:17:38]} 29. c5
{[%clk 0:22:09]} axb4 {[%clk 0:16:01]} 30. Qxb4 {[%clk 0:22:09]} dxc5
{[%clk 0:15:39]} 31. Rxc5 {[%clk 0:22:24]} Red8 {[%clk 0:08:13]} 32. Re2 b6
{[%clk 0:06:36]} 33. Rb5 {[%clk 0:17:53]} Qc7 {[%clk 0:05:45]} 34. Rb2
{[%clk 0:17:26]} Nf6 {[%clk 0:04:35]} 35. Qd4 {[%clk 0:16:36]} e5
{[%clk 0:04:13]} 36. Qc4 {[%clk 0:13:10]} Qd6 {[%clk 0:03:41]} 37. Be2
{[%clk 0:10:08]} Rbc8 {[%clk 0:02:20]} 38. Qb3 {[%clk 0:09:56]} Nd7
{[%clk 0:00:53]} 39. g4 {[%clk 0:07:39]} Nc5 {[%clk 0:00:51]} 40. Qf3
{[%clk 0:06:22]} Nxa4 {[%clk 0:00:38]} 41. R2b4 {[%clk 0:06:11]} Nc3
{[%clk 0:00:42]} 42. Rxb6 {[%clk 0:06:18]} Qxd5 {[%clk 0:01:11]} 43. Kh2
{[%clk 0:04:52]} Nxe2 {[%clk 0:01:15]} 44. Qxe2 {[%clk 0:05:08]} Rc1
{[%clk 0:01:06]} 45. Re4 {[%clk 0:05:28]} Rdc8 {[%clk 0:00:57]} 46. Qf3
{[%clk 0:03:45]} R1c2 {[%clk 0:01:02]} 47. Qf6+ {[%clk 0:02:47]} Kg8
{[%clk 0:01:15]} 48. Qxe5 {[%clk 0:03:10]} Rxf2+ {[%clk 0:01:08]} 49. Kg3
{[%clk 0:03:36]} Qd2 {[%clk 0:00:49]} 50. Re3 {[%clk 0:02:53]} Rg2+
{[%clk 0:00:55]} 51. Kh4 {[%clk 0:03:08]} Qf2+ {[%clk 0:01:04]} 52. Rg3
{[%clk 0:01:39]} Rxg3 {[%clk 0:01:25]} 53. Kg5 {[%clk 0:00:42]} Qxb6
{[%clk 0:01:31]} 54. Qxg3 {[%clk 0:00:52]} Qd8+ {[%clk 0:01:46]} 55. Kh6
{[%clk 0:00:49]} Qf8+ {[%clk 0:02:12]} 56. Kg5 {[%clk 0:01:13]} Rc5+
{[%clk 0:02:38]} 0-1

[Event "EYCC 2024 - G14"]
[Site "?"]
[Date "2024.08.28"]
[Round "6.12"]
[White "Kravchenko, Anastasiia"]
[Black "Beber, Anja"]
[Result "0-1"]
[BlackElo "1877"]
[WhiteElo "1690"]
[LiveChessVersion "1.4.8"]

1. e4 {[%clk 1:30:57]} g6 {[%clk 1:30:52]} 2. d4 {[%clk 1:31:17]} Bg7
{[%clk 1:31:08]} 3. Nc3 {[%clk 1:31:28]} c6 {[%clk 1:31:23]} 4. Be3
{[%clk 1:30:03]} d6 {[%clk 1:30:45]} 5. Qd2 {[%clk 1:29:54]} b5 {[%clk 1:28:25]}
6. Bd3 {[%clk 1:20:38]} Nd7 {[%clk 1:18:54]} 7. d5 {[%clk 1:04:03]} cxd5
{[%clk 1:17:26]} 8. Bxb5 {[%clk 1:03:57]} dxe4 {[%clk 1:16:38]} 9. Nxe4
{[%clk 1:02:34]} Bb7 {[%clk 1:14:01]} 10. Bd4 {[%clk 0:57:51]} Bxd4
{[%clk 0:57:43]} 11. Qxd4 {[%clk 0:57:45]} Qa5+ {[%clk 0:57:30]} 12. Nc3
{[%clk 0:52:20]} Ngf6 {[%clk 0:57:04]} 13. Bxd7+ {[%clk 0:44:19]} Kxd7
{[%clk 0:57:26]} 14. f3 {[%clk 0:43:26]} Rhc8 {[%clk 0:51:50]} 15. Nge2
{[%clk 0:42:30]} Ba6 {[%clk 0:48:41]} 16. Qd2 {[%clk 0:33:20]} Rab8
{[%clk 0:46:51]} 17. Rb1 {[%clk 0:25:30]} Rb7 {[%clk 0:32:04]} 18. O-O
{[%clk 0:18:12]} Rcb8 {[%clk 0:29:54]} 19. Qh6 {[%clk 0:08:08]} Rxb2
{[%clk 0:28:02]} 20. Qh3+ {[%clk 0:03:41]} Qf5 {[%clk 0:26:52]} 21. g4
{[%clk 0:02:43]} Qe6 {[%clk 0:27:16]} 22. Rxb2 {[%clk 0:01:36]} Rxb2
{[%clk 0:27:39]} 23. Rf2 {[%clk 0:01:13]} Rxc2 {[%clk 0:26:44]} 24. Qf1
{[%clk 0:00:32]} Rxc3 {[%clk 0:26:20]} 0-1

[Event "EYCC 2024 - G14"]
[Site "?"]
[Date "2024.08.28"]
[Round "6.13"]
[White "Viti, Greta"]
[Black "Nahapetyan, Ani"]
[Result "0-1"]
[BlackElo "1637"]
[WhiteElo "1874"]
[LiveChessVersion "1.4.8"]

1. e4 {[%clk 1:30:59]} c5 {[%clk 1:30:56]} 2. Nf3 {[%clk 1:31:25]} d6
{[%clk 1:31:20]} 3. d4 {[%clk 1:31:52]} cxd4 {[%clk 1:31:46]} 4. Nxd4
{[%clk 1:32:18]} Nf6 {[%clk 1:32:09]} 5. Nc3 {[%clk 1:32:44]} a6 {[%clk 1:32:32]}
6. Be2 {[%clk 1:33:11]} e5 {[%clk 1:32:52]} 7. Nb3 {[%clk 1:33:36]} Be7
{[%clk 1:33:09]} 8. O-O {[%clk 1:33:56]} O-O {[%clk 1:33:02]} 9. Kh1
{[%clk 1:34:23]} Nbd7 {[%clk 1:22:55]} 10. a4 {[%clk 1:32:15]} Qc7
{[%clk 1:17:00]} 11. Be3 {[%clk 1:23:30]} Nc5 {[%clk 1:14:45]} 12. Nxc5
{[%clk 1:08:50]} dxc5 {[%clk 1:15:08]} 13. f4 {[%clk 1:07:38]} Rd8
{[%clk 1:09:53]} 14. Qe1 {[%clk 1:07:54]} exf4 {[%clk 1:08:41]} 15. Bxf4
{[%clk 1:07:22]} Bd6 {[%clk 1:08:55]} 16. Bg5 {[%clk 0:58:07]} Be7
{[%clk 1:06:28]} 17. Bxf6 {[%clk 0:53:13]} Bxf6 {[%clk 1:05:31]} 18. Nd5
{[%clk 0:53:17]} Qe5 {[%clk 1:05:23]} 19. Nxf6+ {[%clk 0:49:23]} gxf6
{[%clk 1:05:39]} 20. Qh4 {[%clk 0:36:17]} Qg5 {[%clk 1:01:26]} 21. Qf2
{[%clk 0:36:18]} Be6 {[%clk 0:55:04]} 22. Ra3 {[%clk 0:34:51]} Kh8
{[%clk 0:52:17]} 23. Rf3 {[%clk 0:31:40]} Rd2 {[%clk 0:48:55]} 24. Rg3
{[%clk 0:25:29]} Qh6 {[%clk 0:46:37]} 25. Qf3 {[%clk 0:23:28]} Rxc2
{[%clk 0:44:19]} 26. b3 {[%clk 0:17:49]} Rd8 {[%clk 0:41:01]} 27. Bd3
{[%clk 0:11:11]} Rc3 {[%clk 0:39:48]} 28. Qe2 {[%clk 0:10:58]} Rxb3
{[%clk 0:37:36]} 29. Rgf3 {[%clk 0:04:59]} c4 {[%clk 0:36:36]} 30. Bb1
{[%clk 0:05:12]} Rxf3 {[%clk 0:34:50]} 31. Qxf3 {[%clk 0:05:24]} b5
{[%clk 0:34:02]} 32. axb5 {[%clk 0:04:17]} axb5 {[%clk 0:34:28]} 33. Qc3
{[%clk 0:04:40]} Kg7 {[%clk 0:34:51]} 34. h3 {[%clk 0:04:08]} Rd2
{[%clk 0:33:29]} 35. Kh2 {[%clk 0:01:49]} Qg5 {[%clk 0:32:55]} 36. Rg1
{[%clk 0:01:28]} Re2 {[%clk 0:31:36]} 37. Qf3 {[%clk 0:01:12]} Re3
{[%clk 0:31:44]} 38. Qf2 {[%clk 0:01:37]} Qe5+ {[%clk 0:31:54]} 39. Kh1
{[%clk 0:01:23]} Qg3 {[%clk 0:31:49]} 40. Qd2 {[%clk 0:00:46]} c3
{[%clk 0:27:49]} 41. Qd1 {[%clk 0:00:42]} b4 {[%clk 0:27:44]} 42. Bc2
{[%clk 0:00:42]} Bc4 {[%clk 0:25:51]} 43. Qd4 {[%clk 0:00:56]} b3
{[%clk 0:24:48]} 44. Qxc4 {[%clk 0:01:03]} bxc2 {[%clk 0:25:13]} 45. Qa2
{[%clk 0:01:01]} Re1 {[%clk 0:24:39]} 46. Qxc2 {[%clk 0:01:23]} Rxg1+
{[%clk 0:25:05]} 47. Kxg1 {[%clk 0:01:49]} Qe1+ {[%clk 0:25:31]} 48. Kh2
{[%clk 0:02:17]} Qd2 {[%clk 0:25:55]} 49. Qa4 {[%clk 0:01:38]} c2
{[%clk 0:26:06]} 50. e5 {[%clk 0:02:01]} c1=Q {[%clk 0:26:25]} 51. exf6+
{[%clk 0:02:02]} Kxf6 {[%clk 0:26:51]} 52. Qh4+ {[%clk 0:02:25]} Qg5
{[%clk 0:27:15]} 0-1

[Event "EYCC 2024 - G14"]
[Site "?"]
[Date "2024.08.28"]
[Round "6.14"]
[White "Stara, Zuzana"]
[Black "Sivashankar, Samyukta"]
[Result "1-0"]
[BlackElo "1801"]
[WhiteElo "2005"]
[LiveChessVersion "1.4.8"]

1. e4 {[%clk 1:30:59]} d5 {[%clk 1:30:53]} 2. exd5 {[%clk 1:31:25]} Nf6
{[%clk 1:31:17]} 3. Nf3 {[%clk 1:31:46]} Nxd5 {[%clk 1:31:40]} 4. d4
{[%clk 1:32:12]} g6 {[%clk 1:31:56]} 5. c4 {[%clk 1:31:58]} Nb6 {[%clk 1:32:16]}
6. Nc3 {[%clk 1:32:01]} Bg7 {[%clk 1:32:32]} 7. Be3 {[%clk 1:29:32]} O-O
{[%clk 1:29:50]} 8. Be2 {[%clk 1:28:17]} Bg4 {[%clk 1:23:40]} 9. h3
{[%clk 1:22:11]} Bxf3 {[%clk 1:23:32]} 10. Bxf3 {[%clk 1:22:38]} Nc6
{[%clk 1:19:58]} 11. Bxc6 {[%clk 0:54:07]} bxc6 {[%clk 1:13:11]} 12. Qd3
{[%clk 0:44:31]} Rb8 {[%clk 1:10:13]} 13. O-O {[%clk 0:43:05]} e6
{[%clk 1:01:46]} 14. Rfd1 {[%clk 0:41:14]} Qe7 {[%clk 1:01:09]} 15. a3
{[%clk 0:38:35]} Rfd8 {[%clk 0:56:36]} 16. Qe2 {[%clk 0:38:14]} Rd7
{[%clk 0:47:54]} 17. Ne4 {[%clk 0:37:51]} Rdd8 {[%clk 0:38:03]} 18. Rac1
{[%clk 0:34:39]} Na4 {[%clk 0:35:49]} 19. b4 {[%clk 0:33:30]} e5 {[%clk 0:28:57]}
20. d5 {[%clk 0:23:09]} cxd5 {[%clk 0:28:54]} 21. cxd5 {[%clk 0:23:00]} a5
{[%clk 0:18:21]} 22. Qc2 {[%clk 0:18:25]} Qe8 {[%clk 0:14:37]} 23. Bg5
{[%clk 0:15:09]} Rdc8 {[%clk 0:14:01]} 24. Qd2 {[%clk 0:12:15]} Qf8
{[%clk 0:10:37]} 25. Nc5 {[%clk 0:05:11]} Nxc5 {[%clk 0:10:53]} 26. bxc5
{[%clk 0:05:40]} e4 {[%clk 0:09:39]} 27. Qxa5 {[%clk 0:04:26]} Ra8
{[%clk 0:09:33]} 28. Qb4 {[%clk 0:04:16]} Qe8 {[%clk 0:08:03]} 29. d6
{[%clk 0:01:53]} cxd6 {[%clk 0:08:25]} 30. cxd6 {[%clk 0:02:15]} Rxc1
{[%clk 0:08:41]} 31. Rxc1 {[%clk 0:02:18]} Ra4 {[%clk 0:07:53]} 32. d7
{[%clk 0:00:48]} Qxd7 {[%clk 0:08:22]} 33. Qb8+ {[%clk 0:01:11]} Bf8
{[%clk 0:08:23]} 34. Bh6 {[%clk 0:01:18]} Qd6 {[%clk 0:07:39]} 35. Qxd6
{[%clk 0:01:40]} Ra8 {[%clk 0:07:33]} 36. Bxf8 {[%clk 0:02:01]} Rxf8
{[%clk 0:07:51]} 37. Qxf8+ {[%clk 0:02:22]} Kxf8 {[%clk 0:08:14]} 38. a4
{[%clk 0:02:49]} 1-0

[Event "EYCC 2024 - G14"]
[Site "?"]
[Date "2024.08.28"]
[Round "6.15"]
[White "Oflaz, Fatma Zehra"]
[Black "Alfano, Emilie"]
[Result "1/2-1/2"]
[BlackElo "1990"]
[WhiteElo "1779"]
[LiveChessVersion "1.4.8"]

1. e4 {[%clk 1:30:58]} c5 {[%clk 1:30:57]} 2. Nf3 {[%clk 1:31:23]} e6
{[%clk 1:31:23]} 3. d4 {[%clk 1:31:49]} cxd4 {[%clk 1:31:50]} 4. Nxd4
{[%clk 1:32:14]} Nc6 {[%clk 1:32:17]} 5. Nc3 {[%clk 1:32:37]} Qc7
{[%clk 1:32:43]} 6. g3 {[%clk 1:33:02]} a6 {[%clk 1:31:36]} 7. Bg2
{[%clk 1:33:21]} Nf6 {[%clk 1:31:57]} 8. O-O {[%clk 1:33:33]} Nxd4
{[%clk 1:29:06]} 9. Qxd4 {[%clk 1:34:01]} Bc5 {[%clk 1:29:21]} 10. Bf4
{[%clk 1:34:15]} d6 {[%clk 1:24:41]} 11. Qd2 {[%clk 1:34:42]} O-O
{[%clk 1:22:41]} 12. Na4 {[%clk 1:21:39]} Rd8 {[%clk 1:14:07]} 13. Rad1
{[%clk 1:07:11]} Ne8 {[%clk 0:53:45]} 14. Nxc5 {[%clk 1:05:10]} Qxc5
{[%clk 0:54:05]} 15. e5 {[%clk 1:05:10]} d5 {[%clk 0:53:09]} 16. Be3
{[%clk 0:59:35]} Qc7 {[%clk 0:49:32]} 17. Bd4 {[%clk 0:59:19]} Bd7
{[%clk 0:45:52]} 18. f4 {[%clk 0:57:43]} Rac8 {[%clk 0:40:29]} 19. c3
{[%clk 0:52:59]} Bb5 {[%clk 0:39:14]} 20. Rf3 {[%clk 0:51:14]} Qc4
{[%clk 0:35:33]} 21. b3 {[%clk 0:50:45]} Qe2 {[%clk 0:33:03]} 22. a4
{[%clk 0:50:50]} Qxd2 {[%clk 0:32:50]} 23. Rxd2 {[%clk 0:51:19]} Bc6
{[%clk 0:33:04]} 24. g4 {[%clk 0:41:07]} f6 {[%clk 0:26:31]} 25. f5
{[%clk 0:37:52]} fxe5 {[%clk 0:17:08]} 26. fxe6 {[%clk 0:27:20]} Nc7
{[%clk 0:14:21]} 27. Bxe5 {[%clk 0:23:03]} Nxe6 {[%clk 0:14:13]} 28. Rfd3
{[%clk 0:23:21]} Ng5 {[%clk 0:07:57]} 29. c4 {[%clk 0:17:13]} Nf7
{[%clk 0:06:03]} 30. Bxd5 {[%clk 0:17:11]} Re8 {[%clk 0:03:55]} 31. Bxc6
{[%clk 0:13:11]} Rxc6 {[%clk 0:03:10]} 32. Bb2 {[%clk 0:10:52]} Rg6
{[%clk 0:03:00]} 33. Rg3 {[%clk 0:10:36]} Ng5 {[%clk 0:02:41]} 34. h3
{[%clk 0:04:08]} 1/2-1/2